Překážky na cestě k sociální soudržnosti ES
Spoločné riešenie sociálnych otázok v ES. Európska sociálna charta schválená v r. 1961, Charta sociálnych práv pracujúcich z r. 1989. Európsky sociálny fond - podieľa sa na financovaní projektov v prospech vytvárania pracovných miest a vzdelávacích akcií vo vybraných krajinách. Nezamestnanosť a "soc...
Gespeichert in:
| 1. Verfasser: | |
|---|---|
| Format: | Buchkapitel |
| Sprache: | Tschechisch |
| Schlagworte: | |
| Tags: |
Keine Tags, Fügen Sie das erste Tag hinzu!
|
MARC
| LEADER | 00000naa a2200000 4500 | ||
|---|---|---|---|
| 001 | r000211 | ||
| 005 | 20220927122726.6 | ||
| 041 | 0 | |a cze | |
| 044 | |a CZ | ||
| 245 | 1 | 0 | |a Překážky na cestě k sociální soudržnosti ES |c Lenka Kalinová |
| 520 | |a Spoločné riešenie sociálnych otázok v ES. Európska sociálna charta schválená v r. 1961, Charta sociálnych práv pracujúcich z r. 1989. Európsky sociálny fond - podieľa sa na financovaní projektov v prospech vytvárania pracovných miest a vzdelávacích akcií vo vybraných krajinách. Nezamestnanosť a "sociálna konkurencia". | ||
| 610 | 2 | 0 | |a politika sociálna |
| 610 | 2 | 0 | |a Európske spoločenstvá |
| 610 | 2 | 0 | |a charta |
| 610 | 2 | 0 | |a nezamestnanosť |
| 610 | 2 | 0 | |a konkurencia |
| 610 | 2 | 0 | |a miesta pracovné |
| 100 | 1 | |a Kalinová, Lenka | |